000 00759nam a2200265 i 4500
001 bg
100 1 _aGöbel, Walter.
245 1 0 _aDas Dritte Reich /
_cWalter Göbel.
250 _aAufl. 5.
260 _aStuttgart [etc.] :
_bErnst Klett Verlag,
_c2007.
300 _a175 s. :
_bfot., mapy, rys., wykr. ;
_c24 cm.
490 1 _aAbiturwissen Geschichte
651 9 _aNiemcy
_xhistoria
_y1933-1945 r.
655 _aPodręczniki
830 _aAbiturwissen Geschichte
020 _a9783129296363
040 _cBPK
041 0 _ager
044 _aDEU
080 _a94(430)"19"
920 _a978-3-12-929636-3
942 _cKS
008 s pl f |000 0 pol
999 _c54560
_d54560
856 _uhttp://koha.tu.koszalin.pl/cgi-bin/koha/opac-detail.pl?biblionumber=54560
_yKatalog online BPK